Stuart Little Short Quiz - Statistics

General Stats
  • This quiz has been taken 47 times
  • The average score is 3 of 12
Answer Stats
Hint Answer % Correct
The main character Stuart Little
97%
Cat Snowbell Little
53%
Mouse's best friend Margalo
43%
Cat's best friend Monty
37%
Leader of the alley cats Smoky
30%
Where the falcon lives Pishkin building
17%
Mouse's and George's sister Martha Little
13%
Mouse's and George's mother Eleanor Little
10%
Competitive bully Anton
7%
Mouse's and George's father Frederick Little
7%
George's best friend Will Powell
7%
Bully of the school Wallace
3%
No matching quizzes found
Score Distribution
Percent of People with Each Score
Percentile by Number Answered
Your Score History
You have not taken this quiz